000 00944nam a22002895i 4500
999 _c10289
_d10289
001 22452375
003 GBCCL
005 20241126110729.0
008 220304s2022 nyu 000 0 eng
010 _a 2022933963
020 _z8124800197
040 _aDLC
_beng
_erda
_cDLC
042 _apcc
082 _a823.74
_bAUS
100 1 _aAusten, Jane,
_eauthor.
_917882
245 1 0 _aPride and prejudice /
_cJane Austen
263 _a2209
264 1 _aNew Delhi :
_bPeacock books,
_c2006.
300 _a332 pages
336 _atext
_btxt
_2rdacontent
337 _aunmediated
_bn
_2rdamedia
338 _avolume
_bnc
_2rdacarrier
520 _a"A deluxe collector's edition of one of Jane Austen's most critically acclaimed works, illustrated with the artwork of renowned fashion illustrator Bil Donovan"--
_cProvided by publisher.
906 _a0
_bibc
_corignew
_d2
_eepcn
_f20
_gy-gencatlg
942 _2ddc
_cBK